|
|
|
|
| LEADER |
01409nam a2200349 a 4500 |
| 001 |
28538 |
| 003 |
BD-DhAAL |
| 005 |
20230525144149.0 |
| 008 |
141108r20011945nyu 000 1 eng |
| 010 |
|
|
|a 91058067
|
| 020 |
|
|
|a 9780141185286
|
| 020 |
|
|
|a 0679738959
|
| 040 |
|
|
|a DLC
|c DLC
|d DLC
|d BD-DhAAL
|
| 041 |
1 |
|
|a eng
|
| 043 |
|
|
|a e-fr---
|
| 050 |
0 |
0 |
|a PQ2637.A82
|b A713 1992
|
| 082 |
0 |
0 |
|a 843/.914
|2 20
|
| 100 |
1 |
|
|a Sartre, Jean-Paul,
|d 1905-1980.
|9 5975
|
| 240 |
1 |
0 |
|a Âge de raison.
|l English
|
| 245 |
1 |
4 |
|a The age of reason /
|c by Jean Paul Sartre ; translated from the French by Eric Sutton; introduction by David Caute
|
| 250 |
|
|
|a 1st Vintage International ed.
|
| 260 |
|
|
|a New York;
|a New Delhi :
|b Vintage Books;
|b Penguin Books,
|c c1945 [reprinted 1986, 2001].
|
| 300 |
|
|
|a xvii, 299 p. ;
|c 20 cm.
|
| 490 |
1 |
|
|a Les chemins de la liberté =
|a The roads to freedom ;
|v 1
|
| 500 |
|
|
|a Translation of: L'âge de raison.
|
| 541 |
|
|
|e 28538
|
| 650 |
|
0 |
|a World War, 1939-1945
|z France
|x Fiction.
|9 5976
|
| 700 |
1 |
|
|a Sutton, Eric (Translator)
|9 5977
|
| 800 |
1 |
|
|a Sartre, Jean-Paul,
|d 1905-1980.
|t Chemins de la liberté.
|l English ;
|v 1.
|9 5978
|
| 942 |
|
|
|2 ddc
|c BK
|
| 999 |
|
|
|c 33022
|d 33022
|
| 952 |
|
|
|0 0
|1 2
|2 ddc
|4 0
|6 843_914000000000000_SAR
|7 0
|9 44003
|a BRACUL
|b BRACUL
|c GEN
|d 2014-11-08
|e Paragon Enterprises Ltd.
|g 936.00
|l 2
|m 38
|o 843.914 SAR
|p 3010028538
|r 2016-08-31
|s 2016-08-31
|t 1
|v 1872.00
|w 2014-11-08
|y BK
|